Statistics for 40 or more tries in international rugby

Click here to take the quiz!

General Stats

  • This quiz has been taken 1,066 times
    (466 since last reset)
  • The average score is 6 of 15

Answer Stats

TriesCountryPlayer% Correct
67South AfricaBryan Habana
91%
60WalesShane Williams
82%
47IrelandBrian O'Driscoll
68%
64AustraliaDavid Campese
57%
46New ZealandJulian Savea
56%
45WalesGeorge North
53%
49New ZealandDouglas Howlett
43%
50EnglandRory Underwood
41%
46New ZealandChristian Cullen
39%
46New ZealandJosevata Rokocoko
32%
41WalesGareth Thomas
27%
44New ZealandJeff Wilson
27%
40AustraliaChris Latham
15%
69JapanDaisuke Ohata
13%
55JapanHirotoki Onozawa
4%

Score Distribution

Percentile by Number Answered

Percent of People with Each Score

Your Score History

You have not taken this quiz since the last reset